000 00210nam a22000857a 4500
008 170302b xxu||||| |||| 00| 0 eng d
100 _92998
_aAlcott.L.M
245 _aLittle Woman
260 _aNew Delhi
_bS.Chand
_c2009
999 _c6241
_d6241